[Event "Hastings Weekend op-A"]
[Site "Hastings"]
[Date "2024.01.06"]
[Round "1"]
[White "Arkell, Keith C"]
[Black "Norinkeviciute, Rasa"]
[Result "1-0"]
[WhiteElo "2380"]
[BlackElo "1905"]
[PlyCount "95"]
[EventDate "2024.01.06"]
[EventType "swiss"]
[EventRounds "5"]
[EventCountry "ENG"]
[SourceTitle "CB02_2024"]
[SourceDate "2024.01.10"]
[SourceVersion "1"]
[SourceVersionDate "2024.01.10"]
[SourceQuality "1"]

1. d4 Nf6 2. Nf3 e6 3. c4 Bb4+ 4. Bd2 a5 5. g3 b6 6. Bg2 Bb7 7. 0-0 0-0 8. Bg5 Be7 9. Nc3 Ne4 10. Bxe7 Qxe7 11. Qc2 f5 12. Ne1 d5 13. cxd5 exd5 14. Nd3 Rc8 15. Rad1 Nd7 16. e3 Ndf6 17. Rfe1 Re8 18. Ne5 Rac8 19. f3 Nd6 20. Qb3 Qe6 21. f4 g6 22. Rc1 Kg7 23. Re2 Re7 24. Rec2 Nde8 25. Nb5 c5 26. dxc5 bxc5 27. Rxc5 Rxc5 28. Rxc5 Qb6 29. Qc3 Kh6 30. h3 d4 31. Qxd4 Ne4 32. Bxe4 Bxe4 33. a4 Ba8 34. Rc2 Qb7 35. e4 Nf6 36. g4 Nxe4 37. g5+ Nxg5 38. fxg5+ Kxg5 39. Rh2 Kh6 40. Nd6 Qc7 41. Rc2 Qxc2 42. Qh4+ Kg7 43. Qxe7+ Kh6 44. Nef7+ Kg7 45. Nd8+ Kh6 46. Qh4+ Kg7 47. Ne6+ Kg8 48. Qd8# 1-0

[Event "Hastings Weekend op-A"]
[Site "Hastings"]
[Date "2024.01.06"]
[Round "2"]
[White "Norinkeviciute, Rasa"]
[Black "Butt, Laurence"]
[Result "1-0"]
[WhiteElo "1905"]
[BlackElo "1688"]
[PlyCount "89"]
[EventDate "2024.01.06"]
[EventType "swiss"]
[EventRounds "5"]
[EventCountry "ENG"]
[SourceTitle "CB02_2024"]
[SourceDate "2024.01.10"]
[SourceVersion "1"]
[SourceVersionDate "2024.01.10"]
[SourceQuality "1"]

1. c4 f5 2. Nf3 Nf6 3. b3 e6 4. Bb2 d5 5. e3 Bd6 6. Be2 0-0 7. 0-0 c6 8. Ne5 Nbd7 9. Nxd7 Bxd7 10. f4 b5 11. Qc2 bxc4 12. bxc4 Rb8 13. Be5 Bxe5 14. fxe5 Ng4 15. Bxg4 fxg4 16. Rxf8+ Qxf8 17. Nc3 Qd8 18. Rb1 Rxb1+ 19. Qxb1 dxc4 20. Qe4 Qb8 21. Qd4 Be8 22. Ne4 Qb1+ 23. Kf2 Qd3 24. Qxd3 cxd3 25. Nc5 Bg6 26. e4 h5 27. g3 Kf7 28. Ke3 Ke7 29. Kxd3 Bf7 30. Kc4 Kd8 31. Na6 Be8 32. Kc5 Kd7 33. Kb4 Kc8 34. Nc5 Bf7 35. Ka5 Kc7 36. Ka6 Kb8 37. Nb7 Bg6 38. d3 Be8 39. Nc5 Bf7 40. a4 g5 41. Nd7+ Kc7 42. Nf6 Bg6 43. Kxa7 Bf7 44. Ka6 Bg6 45. Ka5 1-0

[Event "Hastings Masters op"]
[Site "Hastings"]
[Date "2023.12.31"]
[Round "4"]
[White "Norinkeviciute, Rasa"]
[Black "Beaumont, Chris"]
[Result "0-1"]
[WhiteElo "1905"]
[BlackElo "2236"]
[PlyCount "128"]
[EventDate "2023.12.28"]
[EventType "swiss"]
[EventRounds "9"]
[EventCountry "ENG"]
[SourceTitle "CB02_2024"]
[SourceDate "2024.01.10"]
[SourceVersion "1"]
[SourceVersionDate "2024.01.10"]
[SourceQuality "1"]

1. c4 g6 2. g3 Bg7 3. Bg2 c5 4. Nc3 Nc6 5. Nf3 Nf6 6. e4 0-0 7. 0-0 d6 8. h3 Rb8 9. d4 cxd4 10. Nxd4 Nxe4 11. Nxe4 Nxd4 12. Be3 Nc6 13. Qe2 b6 14. Rad1 Bb7 15. f4 Qc8 16. Rc1 Nd4 17. Qd2 Nf5 18. Bf2 h5 19. b3 Bc6 20. Rfe1 Qb7 21. Kh2 Rbd8 22. Qe2 d5 23. cxd5 Bxd5 24. Bh1 e6 25. g4 hxg4 26. hxg4 Nd6 27. Ng5 Bxh1 28. Rxh1 Qe7 29. Qe3 e5 30. Qh3 Rfe8 31. Rhe1 Qf6 32. Nh7 Qxf4+ 33. Bg3 Qd2+ 34. Kh1 Ne4 35. Bh4 g5 36. Rcd1 Qf4 37. Rxd8 Rxd8 38. Rf1 Qd2 39. Qf3 Kxh7 40. Qxe4+ Kg8 41. Be1 Qd5 42. Qxd5 Rxd5 43. Kg2 Rd4 44. Kg3 Rf4 45. Rh1 e4 46. Bd2 Rf3+ 47. Kg2 f6 48. Re1 Rd3 49. Bb4 Bf8 50. Rxe4 Bxb4 51. Rxb4 Rd2+ 52. Kf3 Rxa2 53. Rd4 Kf7 54. Ke4 Ke6 55. Rd8 Re2+ 56. Kd3 Rg2 57. Re8+ Kd5 58. Rf8 Rg3+ 59. Kc2 Rf3 60. Kd2 Kc5 61. Rf7 a5 62. Ke2 Rf4 63. Kd3 Kb4 64. Kc2 b5 0-1

[Event "Hastings Masters op"]
[Site "Hastings"]
[Date "2023.12.29"]
[Round "2"]
[White "Butt, Laurence"]
[Black "Norinkeviciute, Rasa"]
[Result "1/2-1/2"]
[WhiteElo "1688"]
[BlackElo "1905"]
[PlyCount "131"]
[EventDate "2023.12.28"]
[EventType "swiss"]
[EventRounds "9"]
[EventCountry "ENG"]
[SourceTitle "CB02_2024"]
[SourceDate "2024.01.10"]
[SourceVersion "1"]
[SourceVersionDate "2024.01.10"]
[SourceQuality "1"]

1. d4 Nf6 2. Bg5 d5 3. Nf3 Nbd7 4. Nc3 c6 5. Qd3 Qb6 6. 0-0-0 e6 7. Ne5 Bb4 8. Nxd7 Bxd7 9. Bxf6 gxf6 10. a3 Bd6 11. e4 0-0-0 12. Qf3 Be7 13. g3 Kb8 14. Bh3 dxe4 15. Qxe4 Bd6 16. Rhe1 f5 17. Qe3 h5 18. Bf1 Qc7 19. f4 h4 20. Ne2 hxg3 21. hxg3 Rdg8 22. Kb1 Bc8 23. Bg2 Rh7 24. Bf3 Rhg7 25. Qf2 Qb6 26. Rd3 Qc7 27. c4 c5 28. Red1 f6 29. b4 cxb4 30. c5 Bf8 31. axb4 Bd7 32. Ra3 Bc6 33. d5 Bxd5 34. Bxd5 exd5 35. Rxd5 Qc6 36. Qd4 Be7 37. Rd3 Rc8 38. Qc4 Qe6 39. Qc2 Qe4 40. Qd2 Rh7 41. R5d4 Rh1+ 42. Kb2 Qc6 43. Nc3 Rg1 44. Qe3 Rg2+ 45. Kb3 Bf8 46. Rd8 Rh2 47. R3d7 Rh8 48. Qe8 Bxc5 49. Rxc8+ Qxc8 50. Qxc8+ Kxc8 51. Rd5 Be7 52. Rxf5 Rh3 53. Ne4 Kd7 54. Kc4 Ke6 55. Rb5 b6 56. f5+ Kd7 57. Rd5+ Kc7 58. Rd3 a5 59. bxa5 bxa5 60. Kb5 Rh5 61. Rd5 Rh1 62. Kxa5 Kc6 63. Rd4 Ra1+ 64. Ra4 Rxa4+ 65. Kxa4 Kd5 66. Nxf6+ 1/2-1/2

[Event "Hastings Masters op"]
[Site "Hastings"]
[Date "2023.12.28"]
[Round "1"]
[White "Norinkeviciute, Rasa"]
[Black "Willow, Jonah B"]
[Result "0-1"]
[WhiteElo "1905"]
[BlackElo "2427"]
[PlyCount "112"]
[EventDate "2023.12.28"]
[EventType "swiss"]
[EventRounds "9"]
[EventCountry "ENG"]
[SourceTitle "CB02_2024"]
[SourceDate "2024.01.10"]
[SourceVersion "1"]
[SourceVersionDate "2024.01.10"]
[SourceQuality "1"]

1. c4 e6 2. g3 d5 3. Bg2 d4 4. d3 Nc6 5. Nf3 Bb4+ 6. Nbd2 a5 7. 0-0 Nf6 8. a3 Be7 9. Re1 0-0 10. Nf1 Nd7 11. Rb1 e5 12. e3 a4 13. exd4 exd4 14. N1d2 Nc5 15. Ne4 Nxe4 16. Rxe4 Bf5 17. Re1 Na5 18. Re5 Be6 19. Re4 Bf6 20. Bf4 c5 21. Be5 Be7 22. h4 Qd7 23. Bf4 Bf5 24. Ne5 Qd8 25. Re1 Bd6 26. Bd5 Be6 27. Bg2 Qc7 28. Qf3 Rfe8 29. h5 Bf5 30. Ng4 Bxf4 31. gxf4 Qd6 32. Qg3 Rab8 33. h6 Bxg4 34. f3 Qxh6 35. fxg4 Qd6 36. Qf2 Nc6 37. Re4 Rxe4 38. Bxe4 Ne7 39. Rf1 f5 40. gxf5 Qf6 41. Qf3 Nxf5 42. Rf2 Re8 43. Qh3 g6 44. Rg2 Ne3 45. Rh2 h5 46. Qg3 Ng4 47. Rh4 Kg7 48. Kg2 Ne3+ 49. Kg1 Nf5 50. Bxf5 Qxf5 51. Qf3 Kh6 52. Rh2 Re1+ 53. Kg2 Re3 54. Qxb7 Qg4+ 55. Kf1 Qd1+ 56. Kg2 Qd2+ 0-1

[Event "Scarborough op"]
[Site "Scarborough"]
[Date "2023.10.28"]
[Round "2"]
[White "Han, Qixuan"]
[Black "Norinkeviciute, Rasa"]
[Result "0-1"]
[WhiteElo "1532"]
[BlackElo "1906"]
[PlyCount "144"]
[EventDate "2023.10.27"]
[EventType "swiss"]
[EventRounds "5"]
[EventCountry "ENG"]
[SourceTitle "Mega2024 Update 01"]
[Source "Chessbase"]
[SourceDate "2023.11.12"]
[SourceVersion "1"]
[SourceVersionDate "2023.11.12"]
[SourceQuality "1"]

1. d4 Nf6 2. c4 e6 3. Nc3 Bb4 4. e3 d5 5. Nf3 0-0 6. Bd3 b6 7. cxd5 exd5 8. 0-0 Bg4 9. h3 Bh5 10. Bd2 c5 11. a3 Ba5 12. Be2 Re8 13. Rc1 Nbd7 14. Na4 Bxd2 15. Qxd2 Ne4 16. Qd1 c4 17. Nd2 Nxd2 18. Qxd2 Bxe2 19. Qxe2 Nf6 20. Nc3 Rb8 21. a4 a6 22. f3 b5 23. axb5 axb5 24. Rcd1 Re7 25. Rfe1 Qd7 26. Qf2 Rbe8 27. Ra1 Qc6 28. Ra5 Rb8 29. Rea1 Qe8 30. Re1 h6 31. Kh1 Qc6 32. Rea1 Qe6 33. Rxb5 Rxb5 34. Nxb5 Qxe3 35. Qxe3 Rxe3 36. Nc3 Rd3 37. Rd1 Rxd1+ 38. Nxd1 Kf8 39. Kg1 Ke7 40. Kf2 h5 41. Ne3 Ke6 42. g4 h4 43. Nf5 g5 44. f4 Ne4+ 45. Kf3 f6 46. fxg5 fxg5 47. Ne3 Nd2+ 48. Ke2 Nb3 49. Nf5 Nc1+ 50. Ke3 Nd3 51. b3 Nf4 52. bxc4 dxc4 53. Ke4 c3 54. Ne3 Nxh3 55. Kf3 Nf4 56. Kf2 Nd3+ 57. Ke2 Nb4 58. Kd1 h3 59. Nf1 Kd5 60. Nh2 Kxd4 61. Ke2 Ke4 62. Nf3 Kf4 63. Nh2 Kg3 64. Nf1+ Kxg4 65. Ne3+ Kg3 66. Nf1+ Kg2 67. Ne3+ Kg3 68. Nf1+ Kh4 69. Nh2 g4 70. Nf1 g3 71. Kf3 c2 72. Nxg3 c1Q 0-1

[Event "Hastings Masters op"]
[Site "Hastings"]
[Date "2022.12.31"]
[Round "4"]
[White "Dhanuka, Aman"]
[Black "Norinkeviciute, Rasa"]
[Result "0-1"]
[WhiteElo "1194"]
[BlackElo "1969"]
[PlyCount "116"]
[EventDate "2022.12.28"]
[EventType "swiss"]
[EventRounds "10"]
[EventCountry "ENG"]
[SourceTitle "CBM 212 Extra"]
[Source "ChessBase"]
[SourceDate "2023.03.31"]
[SourceVersion "1"]
[SourceVersionDate "2023.03.31"]
[SourceQuality "1"]

1. e4 c5 2. c3 d5 3. exd5 Qxd5 4. d4 e5 5. dxe5 Qxe5+ 6. Be3 Nf6 7. Nf3 Qc7 8. Bb5+ Nbd7 9. 0-0 Be7 10. Re1 0-0 11. Bg5 Nb6 12. Qe2 Be6 13. Nbd2 Nbd5 14. Ne4 h6 15. Nxf6+ Bxf6 16. Bxf6 Nxf6 17. Bc4 Bg4 18. h3 Rae8 19. Qd3 Rd8 20. Qe3 Rfe8 21. Ne5 Be6 22. Bxe6 Rxe6 23. Qg3 Rde8 24. Nf3 Qxg3 25. fxg3 Re2 26. Rxe2 Rxe2 27. b4 Ne4 28. bxc5 Nxc5 29. Nd4 Re3 30. Rc1 Rxg3 31. Kh2 Rd3 32. Nb3 Ne4 33. c4 h5 34. c5 h4 35. Na5 Rd7 36. c6 bxc6 37. Nxc6 Rc7 38. Re1 Ng3 39. Nd4 Rc4 40. Nf3 Nf5 41. Ng5 g6 42. Nf3 Kg7 43. Rb1 a5 44. Rb7 Rc2 45. Ne5 Kf6 46. Ng4+ Ke6 47. Rb6+ Nd6 48. Ne3 Rc3 49. Nf1 Kd5 50. Nd2 Rc2 51. Nf3 Rc4 52. Rb2 f6 53. Rd2+ Kc5 54. Rb2 g5 55. Kg1 Ne4 56. Kf1 Rc3 57. Ke1 a4 58. Re2 Rc1# 0-1

[Event "English Online Blitz (Women)"]
[Site "Chess.com INT"]
[Date "2020.05.16"]
[Round "2.11"]
[White "Bayat, Shohreh"]
[Black "Norinkeviciute, Rasa"]
[Result "1-0"]
[WhiteElo "2091"]
[BlackElo "2010"]
[PlyCount "129"]
[EventDate "2020.05.16"]
[EventType "k.o. (blitz)"]
[EventRounds "4"]
[EventCountry "ENG"]
[SourceTitle "CBM 196 Extra"]
[Source "ChessBase"]
[SourceDate "2020.07.31"]
[SourceVersion "1"]
[SourceVersionDate "2020.07.31"]
[SourceQuality "1"]

1. d4 d6 2. Nf3 Nf6 3. Nc3 Nbd7 4. e4 c6 5. Bc4 Qc7 6. 0-0 e5 7. a4 h6 8. Be3 Be7 9. Bb3 g5 10. dxe5 dxe5 11. Qe2 Nf8 12. Nd2 Ng6 13. f3 Rg8 14. Kh1 Nf4 15. Bxf4 gxf4 16. Nc4 Be6 17. Nd2 Qd7 18. Bxe6 Qxe6 19. Nb3 0-0-0 20. Rfd1 Kb8 21. Rxd8+ Rxd8 22. Rd1 Rd7 23. Rxd7 Nxd7 24. Qd2 Kc7 25. a5 Nc5 26. Nxc5 Bxc5 27. Qd3 Bd4 28. a6 bxa6 29. Qxa6 Bb6 30. Qd3 Qe7 31. Qc4 Qd7 32. Qd3 Qe7 33. Qc4 Qd7 34. Qd3 Bd4 35. h3 Qe6 36. b3 Qd6 37. Qc4 Qd7 38. Nb5+ Kb6 39. Nxd4 Qxd4 40. Qxf7 Qd1+ 41. Kh2 Qxc2 42. Qe6 Qc3 43. Qxh6 Qxb3 44. h4 Qc3 45. h5 Qe1 46. Qg5 a5 47. h6 Qb4 48. h7 Qf8 49. Qg8 Qh6+ 50. Kg1 Qh4 51. h8Q Qe1+ 52. Kh2 Qf2 53. Qb8+ Kc5 54. Qhxe5+ Kc4 55. Qxf4 c5 56. e5+ Kc3 57. Qb5 Qd4 58. Qxd4+ cxd4 59. Qxa5+ Kc2 60. Qd5 d3 61. Qxd3+ Kxd3 62. e6 Ke3 63. e7 Kf4 64. e8Q Kg5 65. Qg8+ 1-0

[Event "English Online Blitz Gp2"]
[Site "Chess.com INT"]
[Date "2020.05.09"]
[Round "3"]
[White "Bayat, Shohreh"]
[Black "Norinkeviciute, Rasa"]
[Result "1/2-1/2"]
[WhiteElo "2091"]
[BlackElo "2010"]
[PlyCount "130"]
[EventDate "2020.05.09"]
[EventType "swiss (blitz)"]
[EventRounds "11"]
[EventCountry "ENG"]
[SourceTitle "CBM 196 Extra"]
[Source "ChessBase"]
[SourceDate "2020.07.31"]
[SourceVersion "1"]
[SourceVersionDate "2020.07.31"]
[SourceQuality "1"]

1. d4 d6 2. e4 Nf6 3. Nc3 Nbd7 4. Bg5 c6 5. Nf3 Qc7 6. Be2 e5 7. 0-0 Be7 8. Be3 h6 9. Qd2 g5 10. dxe5 dxe5 11. Rad1 Rg8 12. a3 Nf8 13. b4 Ng6 14. Bc4 Nf4 15. g3 Bh3 16. Rfe1 Rd8 17. Qc1 a6 18. Rxd8+ Bxd8 19. Bf1 Be6 20. Bg2 Nxg2 21. Kxg2 Ng4 22. Rd1 Be7 23. Qd2 Nxe3+ 24. Qxe3 f6 25. Na4 Kf7 26. Nc5 Bxc5 27. Qxc5 Rd8 28. Rd3 Rd7 29. Nd2 Qd8 30. Qc3 Rd4 31. Nf3 Rd7 32. Rxd7+ Qxd7 33. Qd3 Ke7 34. Nd2 Bh3+ 35. Kg1 Be6 36. Qxd7+ Kxd7 37. f3 Kd6 38. Kf2 b6 39. Ke3 Bf7 40. c4 c5 41. Kd3 Be6 42. Kc3 h5 43. Nf1 Bh3 44. Ne3 Be6 45. bxc5+ Kxc5 46. Nd5 Bxd5 47. cxd5 f5 48. Kd3 b5 49. h3 a5 50. Kc3 g4 51. fxg4 h4 52. gxh4 f4 53. g5 f3 54. Kd2 b4 55. g6 bxa3 56. g7 a2 57. g8Q a1Q 58. Qc8+ Kb6 59. Qd8+ Ka6 60. Qc8+ Kb6 61. Qc6+ Ka7 62. Qc7+ Ka6 63. Qc6+ Ka7 64. Qc7+ Ka6 65. Qc6+ Ka7 1/2-1/2

[Event "English Online Blitz Gp2"]
[Site "Chess.com INT"]
[Date "2020.05.09"]
[Round "11"]
[White "Fisher, Neal"]
[Black "Norinkeviciute, Rasa"]
[Result "0-1"]
[WhiteElo "1498"]
[BlackElo "2010"]
[PlyCount "146"]
[EventDate "2020.05.09"]
[EventType "swiss (blitz)"]
[EventRounds "11"]
[EventCountry "ENG"]
[SourceTitle "CBM 196 Extra"]
[Source "ChessBase"]
[SourceDate "2020.07.31"]
[SourceVersion "1"]
[SourceVersionDate "2020.07.31"]
[SourceQuality "1"]

1. d4 d6 2. Bf4 Nf6 3. Nf3 Nbd7 4. e3 c6 5. c3 Qc7 6. Bd3 e5 7. dxe5 dxe5 8. Bg5 h6 9. Bxf6 Nxf6 10. e4 Be7 11. Qb3 Be6 12. Bc4 Bxc4 13. Qxc4 0-0 14. 0-0 b5 15. Qe2 Rfd8 16. Nbd2 Rd7 17. Nb3 Rad8 18. Rad1 Rxd1 19. Rxd1 Rxd1+ 20. Qxd1 Nxe4 21. Qe1 f5 22. Nbd2 Nxd2 23. Qxd2 Bf6 24. g3 Kf7 25. Kg2 Ke6 26. Qc2 Qd6 27. Qb3+ Qd5 28. Qa3 e4 29. Nd4+ Bxd4 30. cxd4 e3+ 31. Kf1 Qc4+ 32. Kg2 exf2 33. Kxf2 Qxd4+ 34. Kg2 Qd6 35. Qxa7 Qd5+ 36. Kf2 Qd2+ 37. Kf3 Qxb2 38. Qe3+ Kf6 39. Qe8 Qxa2 40. Qxc6+ Qe6 41. Qxb5 Qe4+ 42. Kf2 Kg5 43. Qb8 Qc2+ 44. Kf3 Qd3+ 45. Kg2 Qe4+ 46. Kg1 Qe7 47. Qf4+ Kg6 48. g4 Qe1+ 49. Kg2 Qe2+ 50. Kg3 Qe1+ 51. Kg2 Qe2+ 52. Kg3 fxg4 53. Qxg4+ Qxg4+ 54. Kxg4 Kf6 55. Kg3 Kg5 56. Kg2 Kg4 57. Kg1 Kf3 58. Kh1 Kf2 59. h3 Kg3 60. Kg1 Kxh3 61. Kh1 Kg3 62. Kg1 h5 63. Kh1 Kh3 64. Kg1 g5 65. Kh1 g4 66. Kg1 g3 67. Kh1 g2+ 68. Kg1 h4 69. Kf2 Kh2 70. Kf3 g1Q 71. Kf4 Qg3+ 72. Kf5 Kg2 73. Kf6 Kf3 0-1

[Event "ENG-ch rapid (Women)"]
[Site "London"]
[Date "2019.12.07"]
[Round "3"]
[White "Norinkeviciute, Rasa"]
[Black "Serbanescu, Diana Maria"]
[Result "1/2-1/2"]
[WhiteElo "1869"]
[BlackElo "2019"]
[PlyCount "85"]
[EventDate "2019.12.07"]
[EventType "swiss (rapid)"]
[EventRounds "7"]
[EventCountry "ENG"]
[SourceTitle "CBM 195 Extra"]
[Source "ChessBase"]
[SourceDate "2020.05.31"]
[SourceVersion "1"]
[SourceVersionDate "2020.05.31"]
[SourceQuality "1"]

1. c4 d6 2. g3 e5 3. Bg2 g6 4. Nc3 Bg7 5. e4 Ne7 6. Nge2 0-0 7. d4 exd4 8. Nxd4 Nbc6 9. Be3 a6 10. 0-0 Rb8 11. Rc1 h6 12. b3 Kh7 13. h3 Bd7 14. Kh2 Qc8 15. Nd5 Qd8 16. Nc3 Qc8 17. f4 f5 18. Qd2 fxe4 19. Nxe4 Nf5 20. Nxf5 Bxf5 21. Nc3 h5 22. Rce1 Re8 23. Nd5 Qd7 24. Bf2 Ne7 25. Nc3 Ng8 26. Ne4 Nf6 27. Ng5+ Kh8 28. Bd4 Nh7 29. Ne4 Bxd4 30. Qxd4+ Qg7 31. Qd2 b6 32. Re3 Nf6 33. Rfe1 Nxe4 34. Bxe4 Bxe4 35. Rxe4 Rxe4 36. Rxe4 Rf8 37. Qe2 Kh7 38. Kg2 Kh8 39. Re6 Kh7 40. Qe4 Rf6 41. Re8 Rf8 42. Re7 Rf7 43. Re6 1/2-1/2

[Event "GBR-ch blitz (Women)"]
[Site "Birmingham"]
[Date "2019.11.16"]
[Round "12"]
[White "Arakhamia Grant, Ketevan"]
[Black "Norinkeviciute, Rasa"]
[Result "1-0"]
[WhiteElo "2218"]
[BlackElo "1946"]
[PlyCount "153"]
[EventDate "2019.11.16"]
[EventType "tourn (blitz)"]
[EventRounds "15"]
[EventCountry "ENG"]
[SourceTitle "CBM 193 Extra"]
[Source "ChessBase"]
[SourceDate "2020.01.31"]
[SourceVersion "1"]
[SourceVersionDate "2020.01.31"]
[SourceQuality "1"]

1. e4 d6 2. d4 Nf6 3. Nc3 Nbd7 4. Nf3 e5 5. Bc4 h6 6. 0-0 c6 7. a4 Qc7 8. Re1 Be7 9. h3 Nf8 10. Be3 g5 11. Nh2 Ng6 12. Ng4 Nf4 13. Nxf6+ Bxf6 14. Bxf4 gxf4 15. dxe5 dxe5 16. Qh5 Qe7 17. Rad1 Be6 18. Bxe6 Qxe6 19. Rd3 Rd8 20. Red1 Rxd3 21. Rxd3 Ke7 22. b3 Bg5 23. h4 Bf6 24. Nd1 Bg7 25. Nb2 Rd8 26. Rxd8 Kxd8 27. Nc4 Ke7 28. a5 Kd7 29. Qd1+ Kc7 30. g3 fxg3 31. fxg3 Bf8 32. Kg2 Bc5 33. Qf3 Bf8 34. Ne3 Be7 35. Nf5 Bf8 36. Qc3 Kc8 37. Qd3 Kc7 38. a6 b6 39. Qd2 Kc8 40. Qe2 Kc7 41. Qg4 Qd7 42. Qe2 Qe6 43. h5 Qd7 44. Qe3 Qe6 45. Qd3 Kc8 46. g4 Kc7 47. Qd2 Kc8 48. Kf3 Kc7 49. Qd3 Kc8 50. Ne3 Kc7 51. c3 Be7 52. Nf5 Bf8 53. b4 Be7 54. Qd2 Bg5 55. Qd3 Be7 56. Ng7 Qf6+ 57. Nf5 Qe6 58. c4 Bg5 59. b5 c5 60. Qd5 Qxd5 61. exd5 Kd7 62. Ke4 f6 63. Ng7 Ke7 64. Kf5 Bf4 65. Ne6 Bh2 66. Nc7 Bg3 67. Ne6 Bh2 68. Ke4 Kd6 69. Ng7 Ke7 70. Nf5+ Kd7 71. Nxh6 Bf4 72. Nf5 Ke8 73. h6 Bxh6 74. Nxh6 Kf8 75. Kf5 Kg7 76. d6 e4 77. Kxe4 1-0

[Event "GBR-ch blitz (Women)"]
[Site "Birmingham"]
[Date "2019.11.16"]
[Round "1"]
[White "Norinkeviciute, Rasa"]
[Black "Arora, Prachi"]
[Result "1-0"]
[WhiteElo "1946"]
[BlackElo "1577"]
[PlyCount "37"]
[EventDate "2019.11.16"]
[EventType "tourn (blitz)"]
[EventRounds "15"]
[EventCountry "ENG"]
[SourceTitle "CBM 193 Extra"]
[Source "ChessBase"]
[SourceDate "2020.01.31"]
[SourceVersion "1"]
[SourceVersionDate "2020.01.31"]
[SourceQuality "1"]

1. c4 e5 2. g3 Nc6 3. Bg2 Nf6 4. Nc3 Bc5 5. e3 0-0 6. a3 d6 7. b4 Bb6 8. Nge2 a5 9. Rb1 axb4 10. axb4 Bf5 11. d3 Qe7 12. h3 Rfe8 13. 0-0 e4 14. d4 h6 15. Kh2 g5 16. Qc2 d5 17. c5 Ba7 18. Qb3 g4 19. h4 1-0

[Event "GBR-ch blitz (Women)"]
[Site "Birmingham"]
[Date "2019.11.16"]
[Round "3"]
[White "Norinkeviciute, Rasa"]
[Black "Supatan, Dawn"]
[Result "1-0"]
[WhiteElo "1946"]
[BlackElo "1596"]
[PlyCount "45"]
[EventDate "2019.11.16"]
[EventType "tourn (blitz)"]
[EventRounds "15"]
[EventCountry "ENG"]
[SourceTitle "CBM 193 Extra"]
[Source "ChessBase"]
[SourceDate "2020.01.31"]
[SourceVersion "1"]
[SourceVersionDate "2020.01.31"]
[SourceQuality "1"]

1. c4 e5 2. g3 Nf6 3. Bg2 Bc5 4. e3 Nc6 5. Nc3 d6 6. a3 a6 7. Nge2 Ba7 8. h3 0-0 9. 0-0 Be6 10. d3 Qd7 11. Kh2 d5 12. cxd5 Nxd5 13. Qc2 Rad8 14. Ne4 Qe7 15. b4 f6 16. N2c3 Nxc3 17. Qxc3 Bd5 18. Bb2 Qe6 19. Rad1 Bxe4 20. Bxe4 Rfe8 21. Rd2 f5 22. Bg2 e4 23. Qxg7# 1-0

[Event "GBR-ch 50+ 106th"]
[Site "Torquay"]
[Date "2019.08.02"]
[Round "5"]
[White "Jackson, Sheila"]
[Black "Norinkeviciute, Rasa"]
[Result "1/2-1/2"]
[WhiteElo "2063"]
[BlackElo "1996"]
[PlyCount "51"]
[EventDate "2019.07.29"]
[EventType "swiss"]
[EventRounds "7"]
[EventCountry "ENG"]
[SourceTitle "EXT 2020"]
[Source "ChessBase"]
[SourceDate "2019.10.17"]
[SourceVersion "1"]
[SourceVersionDate "2019.10.17"]
[SourceQuality "1"]

1. e4 d6 2. d4 Nf6 3. Nc3 Nbd7 4. Nf3 e5 5. Bc4 h6 6. 0-0 Be7 7. Qe2 c6 8. a4 a5 9. Rd1 Qc7 10. dxe5 dxe5 11. Nh4 g6 12. h3 Nc5 13. Nf3 Ne6 14. b3 g5 15. g3 Nf8 16. Kg2 Ng6 17. Rh1 Bc5 18. Bd2 Qe7 19. Rad1 Be6 20. Na2 Rg8 21. Nc1 Bb6 22. Bxe6 Qxe6 23. Kf1 Nd7 24. Nd3 Kf8 25. Nb2 Bc7 26. Bc3 1/2-1/2

[Event "Hastings Masters op 94th"]
[Site "Hastings"]
[Date "2019.01.06"]
[Round "10"]
[White "Norinkeviciute, Rasa"]
[Black "Willson, Ollie"]
[Result "1/2-1/2"]
[WhiteElo "2028"]
[BlackElo "2081"]
[PlyCount "101"]
[EventDate "2018.12.28"]
[EventType "swiss"]
[EventRounds "10"]
[EventCountry "ENG"]
[SourceTitle "CBM 188 Extra"]
[Source "ChessBase"]
[SourceDate "2019.02.26"]
[SourceVersion "1"]
[SourceVersionDate "2019.02.26"]
[SourceQuality "1"]

1. c4 Nf6 2. Nf3 c6 3. Nc3 d5 4. e3 g6 5. b3 Bg7 6. Bb2 0-0 7. Be2 Nbd7 8. d4 b6 9. Rc1 Bb7 10. 0-0 Rc8 11. cxd5 cxd5 12. Ne1 Ne8 13. f4 Nd6 14. Nd3 Nf5 15. Qd2 h5 16. Bf3 Nf6 17. Ne5 Qd6 18. Rfe1 Rfd8 19. Qf2 Ne4 20. Nxe4 dxe4 21. Be2 Qb4 22. Bc4 e6 23. Qe2 Qd6 24. Red1 Rc7 25. Qe1 Rdc8 26. Bf1 Rxc1 27. Rxc1 Rxc1 28. Qxc1 Bf8 29. g3 Ne7 30. Ba3 Qd8 31. Kf2 Nd5 32. Bb2 Nb4 33. a3 Nd5 34. Be2 Be7 35. Nc6 Bxc6 36. Qxc6 Qc7 37. Qxc7 Nxc7 38. h3 Nd5 39. Bd1 b5 40. Bc2 f5 41. g4 hxg4 42. hxg4 b4 43. axb4 Bxb4 44. Ke2 Kf7 45. gxf5 gxf5 46. Bc1 Kg6 47. Kf2 Bc3 48. Bd1 Nb4 49. Ba3 Nd3+ 50. Ke2 a5 51. Bd6 1/2-1/2

[Event "Hastings Masters op 94th"]
[Site "Hastings"]
[Date "2019.01.05"]
[Round "9"]
[White "Norinkeviciute, Rasa"]
[Black "Fowler, David W"]
[Result "1-0"]
[WhiteElo "2028"]
[BlackElo "1929"]
[PlyCount "87"]
[EventDate "2018.12.28"]
[EventType "swiss"]
[EventRounds "10"]
[EventCountry "ENG"]
[SourceTitle "CBM 188 Extra"]
[Source "ChessBase"]
[SourceDate "2019.02.26"]
[SourceVersion "1"]
[SourceVersionDate "2019.02.26"]
[SourceQuality "1"]

1. c4 e5 2. g3 Nf6 3. Bg2 c6 4. d4 Bb4+ 5. Bd2 Bxd2+ 6. Qxd2 d6 7. Nc3 Qe7 8. e4 Be6 9. d5 cxd5 10. cxd5 Bd7 11. Nge2 0-0 12. 0-0 a5 13. a3 a4 14. Nc1 Ne8 15. Nd3 g6 16. f4 f6 17. Rf2 Ng7 18. Raf1 Na6 19. Qe3 Nc5 20. Nxc5 dxc5 21. fxe5 fxe5 22. Rxf8+ Rxf8 23. Rxf8+ Qxf8 24. Qd3 Ne8 25. Qc4 b6 26. Qa6 Qh6 27. Qxb6 Qc1+ 28. Kf2 Bg4 29. Bf3 Bxf3 30. Kxf3 Qf1+ 31. Ke3 Kg7 32. Ne2 Nf6 33. Qe6 h5 34. h3 g5 35. Qxe5 g4 36. hxg4 hxg4 37. Qg5+ Kf7 38. Qf4 Qd1 39. e5 Qb3+ 40. Kf2 Qf3+ 41. Qxf3 gxf3 42. exf6 fxe2 43. Kxe2 Kxf6 44. Kd3 1-0

[Event "Hastings Masters op 94th"]
[Site "Hastings"]
[Date "2019.01.04"]
[Round "8"]
[White "Snape, Ian L"]
[Black "Norinkeviciute, Rasa"]
[Result "1-0"]
[WhiteElo "2110"]
[BlackElo "2028"]
[PlyCount "103"]
[EventDate "2018.12.28"]
[EventType "swiss"]
[EventRounds "10"]
[EventCountry "ENG"]
[SourceTitle "CBM 188 Extra"]
[Source "ChessBase"]
[SourceDate "2019.02.26"]
[SourceVersion "1"]
[SourceVersionDate "2019.02.26"]
[SourceQuality "1"]

1. e4 c5 2. Nf3 d6 3. d4 cxd4 4. Nxd4 Nf6 5. Nc3 a6 6. Bc4 e6 7. Bb3 Qc7 8. Be3 b5 9. f3 Nc6 10. Nxc6 Qxc6 11. Qe2 Be7 12. a4 b4 13. a5 0-0 14. Na4 Nd7 15. Nb6 Nxb6 16. Bxb6 Bf6 17. 0-0-0 Bd8 18. Bxd8 Rxd8 19. Rd4 Qc5 20. Rhd1 Bb7 21. Qd2 Qxa5 22. Kb1 d5 23. Qxb4 Qc7 24. exd5 Bxd5 25. Bxd5 exd5 26. g3 Rab8 27. Qd2 Rb5 28. c4 Rc5 29. Rxd5 Rcxd5 30. cxd5 Qd6 31. Qd4 h5 32. Qe4 g6 33. f4 Kg7 34. Qe5+ f6 35. Qxd6 Rxd6 36. Kc2 Kf7 37. b4 Ke7 38. Kc3 Rd8 39. Kd4 Rc8 40. Re1+ Kf7 41. Re2 Rb8 42. Kc5 Rb5+ 43. Kc4 Rb7 44. Re6 Rc7+ 45. Rc6 Ra7 46. Kc5 Re7 47. d6 Re2 48. Rc7+ Kf8 49. Ra7 Rxh2 50. Ra8+ Kf7 51. d7 Rc2+ 52. Kb6 1-0